Statystyki dla Kraje które były pod kontrolą Czech

Kliknij tutaj aby rozwiązać quiz!

Ogólne statystyki

  • Ten quiz został rozwiązany 169 razy
  • Średni wynik to 12 z 15

Statystyki odpowiedzi

HintOdpowiedź% Poprawnych
15%Niemcy
100%
75%Polska
100%
100%Słowacja
100%
60%Austria
97%
100%Węgry
96%
95%Słowenia
92%
2%Ukraina
92%
5%Rumunia
88%
10%Serbia
86%
20%Chorwacja
83%
>1%Włochy
81%
100%Czechy
73%
>1%Francja
64%
10%Belgia
49%
100%Luksemburg
46%

Rozkład punktacji

Percentyl według liczby udzielonych odpowiedzi

Procent ludzi z każdym wynikiem

Twoja historia wyników

Nie rozwiązałeś tego quizu